| 000 | 005610000a22001930004500 | ||
|---|---|---|---|
| 003 | LK-CoMWRAF | ||
| 005 | 20240113105507.0 | ||
| 008 | 230817t2003 ||||| |||| 00| 0 eng d | ||
| 040 |
_aLK-CoMWRAF _dLK-CoMWRAF _eLK-CoMWRAF |
||
| 041 | _aeng | ||
| 082 |
_a340.59 _bNIA |
||
| 100 | _aNiaz, Noorjehan Safia | ||
| 245 | _aHistory of the Development of Islamic Law | ||
| 260 |
_aBombay: _bWomen's Research & Action Group, _c2003 |
||
| 300 |
_a 10, [1] p. : ill. ; 24 cm _bBibliography included |
||
| 490 |
_aBook _v1 |
||
| 650 | _aISLAMIC LAW-History | ||
| 942 | _cBK | ||
| 999 |
_c571 _d571 |
||